000 01078nam a2200265 a 4500
001 000022477
003 DO-SdBNP
005 20220701112909.0
007 ta
008 101012s1998 dr 000 0 spa d
040 _aDO-SdBNP
_bspa
_cBNPHU
082 4 _a282.7293
_bI24d, 1998
_222
245 1 0 _aDocumentos de la conferencia del episcopado dominicano (1991-1997) /
_ccoordinación e índices José Chez Checo
260 _aSanto Domingo :
_bPatronato de la Ciudad Colonial de Santo Domingo,
_c1998.
300 _a351 p. ;
_c24 cm.
500 _aIncluye referencias bibliográficas, notas al pie de las páginas e índice
505 0 _a1991-1997.
590 _aInventariado, 2018/ YL
650 4 _aConferencias episcopales católicas
_zRepública Dominicana
_946311
650 4 _aTeología
_zRepública Dominicana
_xCongresos, conferencias, etc.
_946312
650 4 _aIglésia católica
_zRepública Dominicana
_xCongresos, conferencias, etc.
_946313
700 1 _aChez Checo, José,
_946314
_ecoordinador
910 _aValidado. Control de calidad MFF
942 _2ddc
_cLBS1
999 _c21975
_d21975